Gate 2011 : electronics and communication engineering topicwise previous year solved papers with complete solutions (Record no. 188328)

MARC details
000 -LEADER
fixed length control field 00564nam a2200169Ia 4500
008 - FIXED-LENGTH DATA ELEMENTS--GENERAL INFORMATION
fixed length control field 231217s9999 xx 000 0 und d
041 ## - LANGUAGE CODE
Language code of text/sound track or separate title English
082 ## - DEWEY DECIMAL CLASSIFICATION NUMBER
Classification number 620.076EC KAN;2 R
100 ## - MAIN ENTRY--PERSONAL NAME
Personal name Kanodia, R K.
245 #0 - TITLE STATEMENT
Title Gate 2011 : electronics and communication engineering topicwise previous year solved papers with complete solutions
250 ## - EDITION STATEMENT
Edition statement 2nd ed.
260 ## - PUBLICATION, DISTRIBUTION, ETC.
Date of publication, distribution, etc. 2009
Name of publisher, distributor, etc. Kanodias company
Place of publication, distribution, etc. Jaipur
300 ## - PHYSICAL DESCRIPTION
Extent 393
500 ## - GENERAL NOTE
General note Supplement copy.
650 ## - SUBJECT ADDED ENTRY--TOPICAL TERM
Topical term or geographic name entry element Gate,2011,electronics,communication,topicwise,previous,papers,solutions
942 ## - ADDED ENTRY ELEMENTS (KOHA)
Koha item type Books
Holdings
Date last seen Total checkouts Full call number Accession number Price effective from Category Lost status Damaged status Department Withdrawn status Home library Current library Shelving location Entry date Vendor Grants Billnumber Billdate Currency symbol Conversion rate Discount Old discount
26/01/2024   620.076EC KAN;2 R 70296 26/01/2024 Books     Central Library   Central Library Central Library Central Library 28/08/2010 Royal Biblioman EC RB-108 25/02/2014 RS 1    
26/01/2024   620.076EC KAN;5 R1 70299 26/01/2024 Books     Central Library   Central Library Central Library Central Library 28/08/2010 Royal Biblioman EC RB-108 25/02/2014 RS 1    
26/01/2024   620.076EC KAN;8 70302 26/01/2024 Books     Central Library   Central Library Central Library Central Library 28/08/2010 Royal Biblioman EC RB-108 25/02/2014 RS 1    
26/01/2024   620.076EC KAN;11 70305 26/01/2024 Books     Central Library   Central Library Central Library Central Library 28/08/2010 Royal Biblioman EC RB-108 25/02/2014 RS 1    
26/01/2024   620.076EC KAN;14 70308 26/01/2024 Books     Central Library   Central Library Central Library Central Library 28/08/2010 Royal Biblioman EC RB-108 25/02/2014 RS 1    

© For any Suggestions or Query, please contact the library staff @ librarian@pes.edu or Phone: +9180 2672 1983/ 2108.